Welcome to the Holygrace Academy Library

Please use search bar below to get started

ACCOUNTANCY PARTNERSHIP FIRMS AND COMPANIES (Record no. 623)

MARC details
000 -LEADER
fixed length control field 00291nam a22001097a 4500
082 ## - DEWEY DECIMAL CLASSIFICATION NUMBER
Classification number 657
Item number GUP/A
100 ## - MAIN ENTRY--AUTHOR NAME
Personal name NISHA GUPTA
245 ## - TITLE STATEMENT
Title ACCOUNTANCY PARTNERSHIP FIRMS AND COMPANIES
Remainder of title CLASS XII
260 ## - PUBLICATION, DISTRIBUTION, ETC. (IMPRINT)
Place of publication DELHI
Name of publisher DHANPAT RAI & CO
Year of publication 2012
650 ## - SUBJECT ADDED ENTRY--TOPICAL TERM
Topical Term ACCOUNTANCY FOR CLASS XII
Geographic subdivision INDIA
942 ## - ADDED ENTRY ELEMENTS (KOHA)
Koha item type Books
Holdings
Withdrawn status Lost status Collection code Home library Current library Shelving location Date acquired Source of acquisition Cost, normal purchase price Full call number Accession Number Koha item type
    Reference Main Library Main Library SHELF 10 C PLUS 2 ACCOUNTANCY 18/09/2014 purchase 285.00 657 GUP/A 09514 Books